000 00711nam a2200229Ia 4500
001 15801
003 GE_BSU
008 181216s||||||||xx |||||||||||||| ||und||
040 _cGE_BSU
080 _a821.353.1-1
100 _aჭილაძე, ო.
245 _aთიხის ფირფიტები
245 _bლექსები
245 _cრედ.ვ.ჯავახაძე. მხატვ. დ.ერისთავი
260 _aთბილისი
260 _bსაბჭ. საქართველო
260 _c1963
300 _a72გვ. ; 17სმ
653 _aთიხის ფირფიტები
653 _aლექსები
942 _cBK
999 _c48898
_d48898